000
00330nam a22001337a 4500
008
180306b xxu||||| |||| 00| 0 eng d
020
_a
9780721661346
041
_a
eng
080
_a
617
100
_a
8
101
_a
ORT
245
_a
Orthotics in functional rehabilitation of the lower limb
_c
Nawoczenksi,D.A
942
_2
udc
_c
BK
999
_c
44144
_d
44144